000 00942nam a2200277Ia 4500
999 _c54249
_d54249
001 21305
003 GE_BSU
005 20240328123800.0
008 181216s2012||||enk|||||||||||||| ||eng||
020 _a9783642352881
040 _cGE_BSU
041 _aegn
080 _a004.16 M-82
100 _aMontavon, Grégoire
_921617
245 _aNeural Networks :
_bTricks of the Tricks of the Trade /
_cGregoire Montavon, Genevieve Orr, Klaus-Robert Muller.
250 _aSecond edition
264 _aBerlin :
_bSpringer,
_c2012.
300 _a769 p. ;
_c24 cm.
541 _h342 Gel.
653 _aსაინფორმაციო ტექნოლოგიები
653 _aᲜეირონული ქსელები
700 _aMontavon, Gregoire
_eავტორი
_912732
700 _aOrr, Genevieve
_eავტორი
_912733
700 _aMuller, Klaus-Robert
_eავრორი
_912734
942 _cBK
_2udc